Online katalóg knižníc regiónu Turca

Mansfieldsky park (Record no. 22811)

MARC details
000 -LEADER
fixed length control field 01279cam a2200397 a 4500
001 - CONTROL NUMBER
control field 22811
003 - CONTROL NUMBER IDENTIFIER
control field SK-KTurca
005 - DATE AND TIME OF LATEST TRANSACTION
control field 20260428144014.0
008 - FIXED-LENGTH DATA ELEMENTS--GENERAL INFORMATION
fixed length control field 240801s1999 xo gr 000 f slo
015 ## - NATIONAL BIBLIOGRAPHY NUMBER
National bibliography number SNBA2000/02-00546
020 ## - INTERNATIONAL STANDARD BOOK NUMBER
International Standard Book Number 8088772974
Qualifying information (viaz.)
035 ## - SYSTEM CONTROL NUMBER
System control number SNK000332303
035 ## - SYSTEM CONTROL NUMBER
System control number urn:nbn:sk:snk-amkkew
035 ## - SYSTEM CONTROL NUMBER
System control number urn:nbn:sk:snk-am003apw
035 ## - SYSTEM CONTROL NUMBER
System control number BDAD4EE2-B2A5-4FC6-AFE8-2B6BD7991AC7
040 ## - CATALOGING SOURCE
Original cataloging agency SNK
Language of cataloging slo
Transcribing agency SNK
Description conventions AACR2
041 1# - LANGUAGE CODE
Language code of text/sound track or separate title slo
Language code of original eng
044 ## - COUNTRY OF PUBLISHING/PRODUCING ENTITY CODE
MARC country code xo
ISO country code SK
072 #7 - SUBJECT CATEGORY CODE
Subject category code 821.111-3
Subject category code subdivision Anglická próza, anglicky písaná
Source konspekt
080 ## - UNIVERSAL DECIMAL CLASSIFICATION NUMBER
Universal Decimal Classification number 821.111-31
Edition identifier 2011
080 ## - UNIVERSAL DECIMAL CLASSIFICATION NUMBER
Universal Decimal Classification number 82-311.4
Edition identifier 2011
100 1# - MAIN ENTRY--PERSONAL NAME
Personal name Austen, Jane,
Dates associated with a name 1775-1817
Relationship aut
240 10 - UNIFORM TITLE
Uniform title Mansfield Park
Language of a work Slovensky
245 10 - TITLE STATEMENT
Title Mansfieldsky park
Statement of responsibility, etc. Jane Austenová ; z anglického originálu Mansfield Park ... preložila Jana Krejčíková
260 ## - PUBLICATION, DISTRIBUTION, ETC.
Place of publication, distribution, etc. Bratislava
Name of publisher, distributor, etc. Media klub
Date of publication, distribution, etc. 1999
300 ## - PHYSICAL DESCRIPTION
Extent 223 s.
Dimensions 21 cm
490 1# - SERIES STATEMENT
Series statement Návraty
500 ## - GENERAL NOTE
General note Údaj o prekl. prevzatý z rubu tit. strany
655 #7 - INDEX TERM--GENRE/FORM
Genre/form data or focus term anglické romány
Source of term SNKPH
655 #7 - INDEX TERM--GENRE/FORM
Genre/form data or focus term spoločenské romány
Source of term SNKPH
700 1# - ADDED ENTRY--PERSONAL NAME
Personal name Krejčíková, Anna
Relationship trl
830 #0 - SERIES ADDED ENTRY--UNIFORM TITLE
Uniform title Návraty
942 ## - ADDED ENTRY ELEMENTS (KOHA)
Source of classification or shelving scheme Dewey Decimal Classification
Koha item type Krásna literatúra pre dospelých
Suppress in OPAC No
Holdings
Stav vyradenia Strata Poškodenie Spôsob nadobudnutia Domovská knižnica Aktuálna knižnica Dátum nadobudnutia Cena Total checkouts Čiarový kód exemplára Date due Date last seen Date last checked out Typ exemplára
      Kúpa Obecná knižnica Horná Štubňa Obecná knižnica Horná Štubňa 28.04.2026 1.00 1 9788088772972 28.05.2026 28.04.2026 28.04.2026 Krásna literatúra pre dospelých
Projekt je podporený Slovenskou asociáciou knižníc
Prevádzkuje Turčianska knižnica Martin 2026